FIFA World Cup 2026 - Portugal Squad - Statistics

General Stats
  • This quiz has been taken 31 times
  • The average score is 21 of 27
Answer Stats
Team # Position Club/Country Player % Correct
Portugal 7 ST Al-Nassr FC Cristiano Ronaldo
97%
Portugal 3 CB Manchester City Rúben Dias
97%
Portugal 20 RB FC Barcelona João Cancelo
93%
Portugal 25 LB Paris Saint-Germain Nuno Mendes
93%
Portugal 17 LW AC Milan Rafael Leão
93%
Portugal 10 AM Manchester City Bernardo Silva
90%
Portugal 8 AM Manchester United Bruno Fernandes
90%
Portugal 1 GK FC Porto Diogo Costa
90%
Portugal 15 CM Paris Saint-Germain João Neves
90%
Portugal 21 DM Al-Hilal SFC Rúben Neves
90%
Portugal 23 DM Paris Saint-Germain Vitinha
90%
Portugal 18 RW Chelsea FC Pedro Neto
83%
Portugal 22 GK Sporting CP Rui Silva
83%
Portugal 9 ST Paris Saint-Germain Gonçalo Ramos
80%
Portugal 11 ST Al-Nassr FC João Félix
80%
Portugal 12 GK Wolverhampton Wanderers José Sá
80%
Portugal 24 DM RCD Mallorca Samú Costa
80%
Portugal 5 RB Manchester United Diogo Dalot
77%
Portugal Manager Spain Roberto Martínez
77%
Portugal 26 RW Juventus FC Francisco Conceição
73%
Portugal 16 AM Sporting CP Francisco Trincão
70%
Portugal 14 CB Sporting CP Gonçalo Inácio
67%
Portugal 6 RB Manchester City Matheus Nunes
63%
Portugal 19 LW Real Sociedad Gonçalo Guedes
53%
Portugal 2 RB Fenerbahce Nélson Semedo
47%
Portugal 13 CB Villareal CF Renato Veiga
47%
Portugal 4 CB SL Benfica Tomás Araújo
40%
No matching quizzes found
Score Distribution
Percent of People with Each Score
Percentile by Number Answered
Your Score History
You have not taken this quiz